000 00629nam a2200241Ia 4500
003 OSt
005 20221005122004.0
006 a|||||r|||| 00| 0
007 ta
008 221004b |||||||| |||| 00| 0 eng d
024 _a53305
037 _cTextual
040 _aCRL
_cCRL
_beng
041 _2eng
_aeng
082 _aTv2:N5, J0
100 _aKeay F E
245 0 _aIndian education in ancient and later times
_b An inquiry into its origin development and ideals.
250 _a2nd
260 _c1950
650 _aEDUCATION
942 _hTv2:N5, J0
_cTEXL
_2cc
999 _c1042920
_d1042920